Currículos educacionales en América Latina: su pertenencia cultural. Una aproximación desde la educación infantil y superior
Na minha lista:
| Autor principal: | |
|---|---|
| Formato: | Livro |
| Idioma: | espanhol |
| Publicado em: |
Santiago
Andrés Bello
1996
|
| Assuntos: | |
| Tags: |
Adicionar Tag
Sem tags, seja o primeiro a adicionar uma tag!
|
MARC
| LEADER | 00000nam a2200000 a 4500 | ||
|---|---|---|---|
| 001 | UCU6920 | ||
| 003 | CL-VaPUC | ||
| 008 | 960628e19960000CL |||||||||||||||||spa|d | ||
| 082 | 0 | 4 | |a 375 |b PER |2 21 |
| 100 | 0 | |a Peralta Espinosa, María Victoria |e author |9 365284 | |
| 245 | 1 | 0 | |a Currículos educacionales en América Latina: su pertenencia cultural. Una aproximación desde la educación infantil y superior |
| 300 | |a 193 p | ||
| 942 | |c BK | ||
| 945 | |d 19960628 00:00:00 |a rbrito | ||
| 260 | |a Santiago |b Andrés Bello |c 1996 | ||
| 650 | 0 | |a Currículo |9 307290 | |
| 650 | 0 | |a Planificación del currículo |9 269599 | |
| 650 | 0 | |a Desarrollo curricular |9 365285 | |
| 583 | |a last modification |c 19960628 00:00:00 |k Rodrigo Vera | ||
| 999 | |c 249652 |d 249650 | ||
| 952 | |0 0 |1 0 |4 0 |6 375_000000000000000_PER_1996 |7 0 |8 A |9 267055 |a BIBEDU |b BIBEDU |d 2019-11-19 |i 3208427 |o 375 PER 1996 |p 3208427 |r 2019-11-19 |w 2019-11-19 |y BK |k EDU | ||
| 952 | |0 0 |1 0 |4 0 |6 375_000000000000000_PER_1996 |7 0 |8 A |9 267057 |a BIBEDU |b BIBEDU |d 2019-11-19 |i 3288625 |o 375 PER 1996 |p 3288625 |r 2019-11-19 |w 2019-11-19 |y BK |k EPE | ||
| 952 | |0 0 |1 0 |4 0 |6 375_000000000000000_PER_1996 |7 0 |8 A |9 267058 |a BIBEDU |b BIBEDU |d 2019-11-19 |i 4352726 |o 375 PER 1996 |p 4352726 |r 2019-11-19 |w 2019-11-19 |y BK |k EBA | ||
| 952 | |0 0 |1 0 |4 0 |6 375_000000000000000_PER_1996 |7 0 |8 A |9 267059 |a BIBEDU |b BIBEDU |d 2019-11-19 |i 4493834 |o 375 PER 1996 |p 4493834 |r 2019-11-19 |w 2019-11-19 |y BK |k EBA | ||